[Event "SUI-chT"]
[Site "Switzerland"]
[Date "2007.02.25"]
[Round "1.5"]
[White "Sedina, Elena"]
[Black "Pytel, Martin"]
[Result "1-0"]
[WhiteElo "2391"]
[BlackElo "2254"]
[PlyCount "93"]
[EventDate "2007.02.25"]
[EventType "team-tourn"]
[EventRounds "9"]
[EventCountry "SUI"]
[SourceTitle "CBM 117 Extra"]
[Source "ChessBase"]
[SourceDate "2007.05.09"]
[SourceVersion "1"]
[SourceVersionDate "2007.05.09"]
[SourceQuality "1"]
[WhiteTeam "Mendrisio"]
[BlackTeam "Biel"]
[WhiteTeamCountry "SUI"]
[BlackTeamCountry "SUI"]

1. e4 g6 2. d4 Bg7 3. Nc3 c6 4. Bc4 d6 5. Nf3 Nf6 6. e5 dxe5 7. Nxe5 0-0 8. 0-0 Nbd7 9. Bg5 Qa5 10. Re1 Nb6 11. Bb3 Nbd5 12. Qd2 Nxc3 13. bxc3 Bf5 14. f3 Nd5 15. Nc4 Qxc3 16. Qxc3 Nxc3 17. Bxe7 Bxd4+ 18. Kh1 Nd5 19. Rad1 Nxe7 20. Rxd4 Rad8 21. Nd6 c5 22. Rxe7 cxd4 23. Nxf7 Rxf7 24. Rxf7 Re8 25. Re7+ Kf8 26. Rf7+ Kg8 27. Rxb7+ Be6 28. Kg1 Bxb3 29. cxb3 Re2 30. Rxa7 d3 31. Kf1 Rc2 32. Rd7 d2 33. Ke2 d1Q+ 34. Kxd1 Rxa2 35. Rd2 Ra3 36. Rb2 Ra5 37. Ke2 Rd5 38. b4 Rg5 39. g3 Rb5 40. Kd3 g5 41. Kc4 Rf5 42. Rb3 Rf8 43. b5 Ra8 44. Kd5 Kf7 45. b6 Ke7 46. b7 Rb8 47. Kc6 1-0

[Event "SUI-chT"]
[Site "Switzerland"]
[Date "2003.09.06"]
[Round "6.5"]
[White "Sutter, Oliver"]
[Black "Pytel, Martin"]
[Result "1-0"]
[WhiteElo "2362"]
[BlackElo "2313"]
[PlyCount "37"]
[EventDate "2003.03.23"]
[EventType "team-tourn"]
[EventRounds "9"]
[EventCountry "SUI"]
[SourceTitle "EXT 2004"]
[Source "ChessBase"]
[SourceDate "2003.11.25"]
[SourceVersion "1"]
[SourceVersionDate "2003.11.25"]
[SourceQuality "1"]
[WhiteTeam "Bern"]
[BlackTeam "Biel"]
[WhiteTeamCountry "SUI"]
[BlackTeamCountry "SUI"]

1. d4 d6 2. c4 e5 3. Nf3 Nd7 4. Nc3 g6 5. e4 Bg7 6. Be2 Ne7 7. d5 0-0 8. h4 f5 9. h5 Nf6 10. Ng5 c6 11. hxg6 Nxg6 12. c5 Qa5 13. dxc6 d5 14. exd5 bxc6 15. d6 Qxc5 16. Be3 Qa5 17. Bc4+ Kh8 18. Rxh7+ Nxh7 19. Qh5 1-0

[Event "SUI-chT"]
[Site "Switzerland"]
[Date "2003.06.24"]
[Round "5.5"]
[White "Pytel, Martin"]
[Black "Macias, Juan Jose"]
[Result "1/2-1/2"]
[WhiteElo "2267"]
[BlackElo "2294"]
[PlyCount "87"]
[EventDate "2003.03.23"]
[EventType "team-tourn"]
[EventRounds "9"]
[EventCountry "SUI"]
[SourceTitle "EXT 2004"]
[Source "ChessBase"]
[SourceDate "2003.11.25"]
[SourceVersion "1"]
[SourceVersionDate "2003.11.25"]
[SourceQuality "1"]
[WhiteTeam "Biel"]
[BlackTeam "Riehen"]
[WhiteTeamCountry "SUI"]
[BlackTeamCountry "SUI"]

1. e4 c6 2. d3 d5 3. Nd2 Nf6 4. Ngf3 Bg4 5. h3 Bxf3 6. Qxf3 e6 7. Qg3 c5 8. Be2 Nc6 9. 0-0 Qd6 10. f4 Qc7 11. c3 0-0-0 12. e5 Ng8 13. a3 Nge7 14. Qf2 h5 15. b4 Nf5 16. g4 hxg4 17. hxg4 g5 18. gxf5 gxf4 19. Nf3 Nxe5 20. Nxe5 Qxe5 21. Bxf4 Qxf5 22. Bg3 Qh3 23. Qh2 Qxh2+ 24. Bxh2 Bg7 25. Bf3 Rdg8 26. Ra2 Be5+ 27. Kh1 Rh3 28. Re2 Rgh8 29. Rxe5 Rxh2+ 30. Kg1 Rc2 31. Bg2 Rg8 32. Rf2 Rc1+ 33. Kh2 Rh8+ 34. Kg3 Rxc3 35. Rxf7 Rg8+ 36. Kh2 Rc2 37. Rxe6 Rcxg2+ 38. Kh3 R2g3+ 39. Kh2 Rg2+ 40. Kh3 Rg1 41. Kh2 R1g4 42. Rh6 Rg2+ 43. Kh3 cxb4 44. Rhh7 1/2-1/2

[Event "SUI-chT"]
[Site "Switzerland"]
[Date "2002.10.06"]
[Round "9.8"]
[White "Gruenenwald, Joerg"]
[Black "Pytel, Martin"]
[Result "1-0"]
[WhiteElo "2357"]
[BlackElo "2322"]
[PlyCount "113"]
[EventDate "2002.03.03"]
[EventType "team-tourn"]
[EventRounds "9"]
[EventCountry "SUI"]
[SourceTitle "CBM 091 Extra"]
[Source "ChessBase"]
[SourceDate "2003.01.09"]
[SourceVersion "1"]
[SourceVersionDate "2003.01.09"]
[SourceQuality "1"]

1. d4 d6 2. e4 Nf6 3. f3 d5 4. e5 Ng8 5. Bd3 c5 6. c3 Nc6 7. Ne2 e6 8. 0-0 Qb6 9. Kh1 Bd7 10. dxc5 Bxc5 11. f4 Nh6 12. Ng3 a5 13. Nh5 0-0-0 14. Nd2 Rdf8 15. Nb3 f6 16. Nxc5 Qxc5 17. exf6 gxf6 18. Qe2 Nf5 19. Bxf5 exf5 20. Be3 Qe7 21. Rae1 Qf7 22. Bc5 Rfg8 23. Ng3 h5 24. Qd3 Qg6 25. Rf2 h4 26. Nf1 Nd8 27. Ne3 Rh7 28. Nxd5 Bc6 29. Kg1 Kb8 30. Bd6+ Ka8 31. c4 Bxd5 32. cxd5 Rd7 33. Bc5 Qf7 34. Rd1 Nc6 35. Qxf5 Rgd8 36. Rfd2 Ne7 37. Bxe7 Qxe7 38. h3 Qe3+ 39. Kh1 Rd6 40. Rd3 Qf2 41. R3d2 Qe3 42. Qg4 Rh8 43. Re2 Qc5 44. Qf3 Rhd8 45. Red2 Qc4 46. b3 Qc5 47. Qh5 Qe3 48. Qxh4 Rc8 49. Qf2 Qc3 50. Rd3 Qb4 51. Qd4 Qb5 52. Rc3 Rg8 53. Qc4 Qb6 54. Qc5 Qd8 55. Qc7 Qf8 56. Rc5 Ra6 57. d6 1-0

[Event "SUI-chT"]
[Site "Switzerland"]
[Date "2002.09.08"]
[Round "7.8"]
[White "Pytel, Martin"]
[Black "Partos, Charles"]
[Result "0-1"]
[WhiteElo "2322"]
[BlackElo "2387"]
[PlyCount "64"]
[EventDate "2002.03.03"]
[EventType "team-tourn"]
[EventRounds "9"]
[EventCountry "SUI"]
[SourceTitle "EXT 2003"]
[Source "ChessBase"]
[SourceDate "2002.11.25"]
[SourceVersion "1"]
[SourceVersionDate "2002.11.25"]
[SourceQuality "1"]

1. e4 c5 2. b3 Nc6 3. Bb2 e6 4. Nf3 d5 5. Bb5 a6 6. exd5 axb5 7. dxc6 bxc6 8. 0-0 f6 9. d4 Nh6 10. Nc3 Nf7 11. Qe2 cxd4 12. Rfd1 Bd7 13. Nxd4 Qc8 14. Ne4 e5 15. f4 Be7 16. Nf3 Bg4 17. h3 Bxf3 18. Qxf3 0-0 19. fxe5 fxe5 20. Qg4 Ra7 21. a4 Qxg4 22. hxg4 bxa4 23. Rxa4 Rxa4 24. bxa4 Ra8 25. Rd7 Kf8 26. Kf2 Rxa4 27. Kf3 Ke8 28. Rb7 Rc4 29. g5 Rxc2 30. Kg4 Rxg2+ 31. Kf5 g6+ 32. Ke6 Nd8+ 0-1

[Event "SUI-chT"]
[Site "Switzerland"]
[Date "2002.06.02"]
[Round "4.5"]
[White "Moor, Roger"]
[Black "Pytel, Martin"]
[Result "1/2-1/2"]
[WhiteElo "2361"]
[BlackElo "2267"]
[PlyCount "137"]
[EventDate "2002.03.03"]
[EventType "team-tourn"]
[EventRounds "9"]
[EventCountry "SUI"]
[SourceTitle "EXT 2003"]
[Source "ChessBase"]
[SourceDate "2002.11.25"]
[SourceVersion "1"]
[SourceVersionDate "2002.11.25"]
[SourceQuality "1"]
[WhiteTeam "Wollishofen"]
[BlackTeam "Biel"]
[WhiteTeamCountry "SUI"]
[BlackTeamCountry "SUI"]

1. c4 e5 2. Nc3 Nf6 3. g3 d6 4. Bg2 g6 5. Nf3 Bg7 6. 0-0 0-0 7. b4 h6 8. d3 Be6 9. Bb2 Nc6 10. b5 Ne7 11. Nd2 c6 12. Rb1 Qd7 13. bxc6 bxc6 14. Ba3 Ne8 15. Nb3 Rc8 16. Na5 Rc7 17. Rb8 f5 18. Qd2 Nf6 19. Rfb1 Rxb8 20. Rxb8+ Kh7 21. Qb2 e4 22. Qb4 c5 23. Qb3 Nc6 24. Nxc6 Qxc6 25. dxe4 fxe4 26. Bb2 Re7 27. e3 Bf5 28. h3 h5 29. Qb5 Qc7 30. Ne2 Bd7 31. Qb3 Ba4 32. Qxa4 Qxb8 33. Qc2 Qb4 34. Nf4 Rb7 35. Bxf6 Qb1+ 36. Qxb1 Rxb1+ 37. Kh2 Bxf6 38. Bxe4 Ra1 39. Bxg6+ Kh6 40. Be8 Rxa2 41. Nxh5 Be5 42. Kg1 a5 43. f4 Bc3 44. g4 Re2 45. Ng3 Rb2 46. Nf5+ Kh7 47. Nxd6 Rb4 48. Ne4 Rxc4 49. Bb5 Rb4 50. Bd7 Rb1+ 51. Kg2 Bb4 52. Bb5 Rb2+ 53. Kf3 Be1 54. Bd3 Kh8 55. Nxc5 Rb4 56. Ke2 Bc3 57. Bc2 Rb8 58. h4 Rd8 59. Bd3 Rb8 60. Na4 Rb3 61. Bc2 Ra3 62. g5 Bb4 63. h5 Ra2 64. Kd3 Ra3+ 65. Kd4 Bd2 66. h6 Rxe3 67. Nc5 Rc3 68. Be4 Rxc5 69. Kxc5 1/2-1/2

[Event "Biel Credis op"]
[Site "Biel"]
[Date "1995.??.??"]
[Round "12"]
[White "Alexandria, Nana"]
[Black "Pytel, Martin"]
[Result "0-1"]
[WhiteElo "2350"]
[BlackElo "2235"]
[PlyCount "156"]
[EventDate "1995.??.??"]
[EventType "swiss"]
[EventRounds "12"]
[EventCountry "SUI"]
[SourceTitle "CBM 048 Extra"]
[Source "ChessBase"]
[SourceDate "1995.11.01"]
[SourceVersion "1"]
[SourceVersionDate "1995.11.01"]
[SourceQuality "1"]

1. d4 Nf6 2. c4 g6 3. Nc3 Bg7 4. e4 d6 5. Be2 0-0 6. Nf3 e5 7. 0-0 Nc6 8. Be3 Ng4 9. Bg5 f6 10. Bh4 g5 11. Bg3 Nh6 12. dxe5 fxe5 13. c5 g4 14. Nd2 dxc5 15. Nb3 Nd4 16. Bc4+ Kh8 17. Nxc5 c6 18. Ne2 Qe7 19. Nb3 Bd7 20. Nbxd4 exd4 21. Re1 Rad8 22. Nf4 b5 23. Bb3 c5 24. Bd5 Qg5 25. Qc1 Rde8 26. a4 a6 27. axb5 axb5 28. Ra7 Bc8 29. Rxg7 Qxg7 30. Qxc5 Nf5 31. Nh5 Qe7 32. Qxb5 Nxg3 33. hxg3 Qe5 34. Nf4 Rf6 35. Ra1 Ref8 36. Qc4 Rd6 37. Ra7 Rd7 38. Ra8 Rc7 39. Nd3 Rxc4 40. Nxe5 Rc1+ 41. Kh2 Kg7 42. Ra7+ Kf6 43. Nd3 Rd1 44. Bc4 Kg5 45. Rxh7 Rf6 46. Nf4 Rh6+ 47. Rxh6 Kxh6 48. b4 Kg7 49. e5 Bf5 50. e6 Kf8 51. f3 d3 52. fxg4 Be4 53. g5 d2 54. g6 Rh1+ 55. Kxh1 d1Q+ 56. Kh2 Qd4 57. Be2 Kg7 58. b5 Bxg6 59. Bf3 Be4 60. Bh5 Kf6 61. Bg4 Ke7 62. Be2 Kf6 63. Bg4 Qc5 64. Be2 Ke5 65. Bh5 Kd6 66. Be2 Bf5 67. Bh5 Bxe6 68. Be8 Bc4 69. Bc6 Bxb5 70. Bxb5 Qxb5 71. Nh3 Qe5 72. Ng1 Qh8+ 73. Nh3 Ke5 74. Kg1 Ke4 75. Ng5+ Ke3 76. Nf3 Qg7 77. Nh2 Qa1+ 78. Nf1+ Ke2 0-1

[Event "Biel Credis op"]
[Site "Biel"]
[Date "1995.??.??"]
[Round "1"]
[White "Pytel, Martin"]
[Black "Jurek, Josef"]
[Result "0-1"]
[WhiteElo "2235"]
[BlackElo "2370"]
[PlyCount "76"]
[EventDate "1995.??.??"]
[EventType "swiss"]
[EventRounds "12"]
[EventCountry "SUI"]
[SourceTitle "CBM 048 Extra"]
[Source "ChessBase"]
[SourceDate "1995.11.01"]
[SourceVersion "1"]
[SourceVersionDate "1995.11.01"]
[SourceQuality "1"]

1. e4 e6 2. Nf3 d5 3. e5 Ne7 4. d4 b6 5. Bd3 Ba6 6. 0-0 Nf5 7. c4 dxc4 8. Bxf5 exf5 9. Nc3 Be7 10. Qc2 Qd7 11. Bg5 Bxg5 12. Nxg5 0-0 13. d5 Bb7 14. Rad1 Na6 15. Qe2 Nc5 16. Rd4 h6 17. Nh3 Rfe8 18. f4 b5 19. Rf3 Nd3 20. Nf2 c5 21. Rdxd3 cxd3 22. Nxd3 Bxd5 23. Rg3 Bc4 24. Nxc5 Qc6 25. Qf2 b4 26. N3a4 Rad8 27. h3 Rd1+ 28. Kh2 Red8 29. Qc2 Be6 30. Qe2 R8d2 31. Qh5 Kf8 32. Qh4 Re2 33. Qh5 Rdd2 34. Nxe6+ Qxe6 35. Qf3 Qd5 36. Qf1 Rf2 37. Qg1 Rde2 38. b3 Rxa2 0-1

[Event "SUI-chT"]
[Site "Switzerland"]
[Date "1995.??.??"]
[Round "7"]
[White "Pytel, Martin"]
[Black "Kaufmann, Werner"]
[Result "1/2-1/2"]
[WhiteElo "2235"]
[BlackElo "2270"]
[PlyCount "147"]
[EventDate "1995.??.??"]
[EventType "team-tourn"]
[EventRounds "9"]
[EventCountry "SUI"]
[SourceTitle "CBM 049 Extra"]
[Source "ChessBase"]
[SourceDate "1996.01.01"]
[SourceVersion "1"]
[SourceVersionDate "1996.01.01"]
[SourceQuality "1"]

1. e4 c5 2. Nf3 d6 3. Bb5+ Nc6 4. Bxc6+ bxc6 5. 0-0 Bg4 6. h3 Bh5 7. Qe2 e6 8. b3 Qf6 9. Nc3 Bxf3 10. Qxf3 Qxf3 11. gxf3 g6 12. Ne2 Bg7 13. c3 Ne7 14. Ba3 Kd7 15. d4 cxd4 16. cxd4 a5 17. Rac1 a4 18. b4 Rhb8 19. Rfd1 Nc8 20. Rc4 Na7 21. Kg2 Nb5 22. Bc1 d5 23. Rc2 a3 24. Rd3 Bf8 25. Rb3 Ra4 26. Bf4 Rb7 27. Rc1 Rxb4 28. Rxb4 Bxb4 29. Rb1 Ba5 30. Rb3 Ra7 31. Be3 Bb6 32. Rb4 Bd8 33. Nc1 Be7 34. Rb3 Ra4 35. Nd3 f6 36. exd5 exd5 37. Nf4 Rb4 38. Rxb4 Bxb4 39. Nd3 Bc3 40. Nc5+ Ke7 41. Nb3 Bb2 42. Kf1 f5 43. f4 Kd7 44. Ke1 Kc7 45. Kd2 Nc3 46. Nc1 Kb6 47. Kc2 Kb5 48. Kb3 Na4 49. Nd3 c5 50. dxc5 d4 51. Bd2 Nxc5+ 52. Kc2 Ne4 53. Be1 Bc3 54. f3 Bxe1 55. fxe4 Bh4 56. exf5 gxf5 57. Ne5 Bg3 58. Kd3 Bxf4 59. Nc4 Bc1 60. Nd6+ Kc5 61. Nxf5 Bb2 62. Nh4 Kd5 63. Nf3 h6 64. Nh2 Bc1 65. Ng4 Bg5 66. Nh2 Ke5 67. Ng4+ Kf4 68. Nxh6 Bxh6 69. Kxd4 Kf3 70. Kd3 Kf2 71. h4 Ke1 72. Kc2 Ke2 73. h5 Ke3 74. Kb3 1/2-1/2

[Event "SUI-chT"]
[Site "Switzerland"]
[Date "1995.??.??"]
[Round "8"]
[White "Vulevic, Vjekoslav"]
[Black "Pytel, Martin"]
[Result "1-0"]
[WhiteElo "2320"]
[BlackElo "2235"]
[PlyCount "73"]
[EventDate "1995.??.??"]
[EventType "team-tourn"]
[EventRounds "9"]
[EventCountry "SUI"]
[SourceTitle "CBM 049 Extra"]
[Source "ChessBase"]
[SourceDate "1996.01.01"]
[SourceVersion "1"]
[SourceVersionDate "1996.01.01"]
[SourceQuality "1"]

1. d4 Nf6 2. c4 g6 3. g3 Bg7 4. Bg2 0-0 5. Nc3 d6 6. e4 Nc6 7. Nge2 a6 8. 0-0 Rb8 9. Rb1 Na5 10. Qd3 c5 11. dxc5 Be6 12. b4 Nxc4 13. cxd6 Ng4 14. h3 Nge5 15. Qc2 exd6 16. f4 Nc6 17. f5 Bd7 18. Nd5 N4e5 19. f6 Bh8 20. Bg5 Re8 21. Kh2 Be6 22. Nec3 h5 23. a4 b5 24. a5 Nc4 25. Qd1 N6e5 26. Ne7+ Kh7 27. Ncd5 Bxd5 28. Nxd5 Rc8 29. Rb3 Bg7 30. g4 Bh6 31. Bxh6 Kxh6 32. gxh5 g5 33. Rg3 Rg8 34. Rf5 Qd7 35. Ne7 Nc6 36. Qc1 Nxe7 37. Qxg5+ 1-0

[Event "Neuchatel op"]
[Site "Neuchatel"]
[Date "1993.05.??"]
[Round "?"]
[White "Pytel, Martin"]
[Black "Vehi Bach, Victor Manuel"]
[Result "1-0"]
[WhiteElo "2150"]
[BlackElo "2390"]
[PlyCount "75"]
[EventDate "1993.05.??"]
[EventType "swiss"]
[EventRounds "7"]
[EventCountry "SUI"]
[SourceTitle "EXT 2007"]
[Source "ChessBase"]
[SourceDate "2006.11.23"]
[SourceVersion "1"]
[SourceVersionDate "2006.11.23"]
[SourceQuality "1"]

1. e4 c5 2. b3 b6 3. Bb2 Bb7 4. Nc3 e6 5. e5 Nc6 6. Nf3 d6 7. exd6 Nf6 8. Nb5 Bxd6 9. Nxd6+ Qxd6 10. g3 0-0-0 11. Bg2 e5 12. 0-0 Nd5 13. a3 f6 14. d3 Kb8 15. Qb1 h5 16. c3 h4 17. Rd1 hxg3 18. hxg3 f5 19. b4 f4 20. bxc5 Qxc5 21. d4 exd4 22. cxd4 Qd6 23. g4 Na5 24. Qf5 Nc4 25. Bc1 Rdf8 26. Qd3 Na5 27. Bd2 Nc6 28. Re1 Qd7 29. Qg6 Rh6 30. Qg5 Ka8 31. Re4 Rff6 32. Ne5 Nxe5 33. dxe5 Re6 34. Rd4 Rhg6 35. Qf5 Bc6 36. Bb4 Ne7 37. Qf8+ Qc8 38. Rd8 1-0